The black death

Αποθηκεύτηκε σε:
Λεπτομέρειες βιβλιογραφικής εγγραφής
Κύριος συγγραφέας: Ziegler, Philip
Μορφή: Βιβλίο
Γλώσσα:English
Δημοσίευση: London : Penguin Books, 1982
Θέματα:
Ετικέτες: Προσθήκη ετικέτας
Δεν υπάρχουν, Καταχωρήστε ετικέτα πρώτοι!

MARC

LEADER 00000nam a2200000 i 4500
001 1/3046
008 960308s1982 eng d
020 |a 0-14-015220-2 
035 |l 10015080 
040 |a GR-MY-UA  |b gre  |e aacr 
041 0 |a eng 
082 0 |a 306.9 
100 1 |a Ziegler, Philip. 
245 1 4 |a The black death /  |c Philip Ziegler 
260 |a London :   |b Penguin Books,   |c 1982 
300 |a 331 p. 
504 |a Includes bibliographical references and index. 
650 0 0 |a Black death  |z Europe. 
852 |a INST  |b LESVOS  |e 19960308  |h 306.9 ZIE  |p 005100006963  |q 005100006963  |t BK  |y 0 
909 |a Λ  |b 020060